000 00554nam a2200205 i 4500
001 147068
003 ES-MaACL
007 t|
008 070921s1954 sp ||||1| spa d
080 _a621.396.62(02)
100 1 _aDarkness, R. J.
_942731
245 1 3 _aLa radio fácil /
_cR.J. de Darkness [seud.].
250 _a1ª ed.
260 _aBarcelona :
_bBruguera,
_c1954.
300 _a220 p. :
_bil. ;
_c19 cm.
490 1 _aTécnica al día
830 0 _aTécnica al día
_9187437
852 _aES-MaACL
_jC-6916
_bR.35795
999 _c147068
_d147068